000 00435nam a2200181Ia 4500
008 210210b1914 xxu||||| |||| 00| 0 eng d
041 _aeng
082 _a821/250
100 _aGLODSMITH (Oliver)
245 _aDeserted village: Barrett Ed
260 _aLondon
_bMacmillan & Co. Ltd.
_c1914
650 _avillage:
650 _aEd
650 _aDeserted
650 _aBarrett
690 _aEnglish Literature
906 _a011419
999 _c130096
_d130096